Quizzer in obligations and contracts 2002 ed./ (Record no. 5915)
[ view plain ]
| 000 -LEADER | |
|---|---|
| fixed length control field | 00567nam a22001817a 4500 |
| 003 - CONTROL NUMBER IDENTIFIER | |
| control field | OSt |
| 005 - DATE AND TIME OF LATEST TRANSACTION | |
| control field | 20251202092739.0 |
| 008 - FIXED-LENGTH DATA ELEMENTS--GENERAL INFORMATION | |
| fixed length control field | 251120b |||||||| |||| 00| 0 eng d |
| 040 ## - CATALOGING SOURCE | |
| Original cataloging agency | DWCL-Main lib |
| Transcribing agency | OC |
| 082 ## - DEWEY DECIMAL CLASSIFICATION NUMBER | |
| Edition number | 2002 ed. |
| Classification number | Fil. 346.02 B189q 2002 |
| 100 ## - MAIN ENTRY--PERSONAL NAME | |
| Personal name | Ballada, Susan |
| 245 ## - TITLE STATEMENT | |
| Title | Quizzer in obligations and contracts 2002 ed./ |
| Statement of responsibility, etc. | Ballada, Susan |
| 260 ## - PUBLICATION, DISTRIBUTION, ETC. | |
| Place of publication, distribution, etc. | Manila : |
| Name of publisher, distributor, etc. | DomDane Publishers, |
| Date of publication, distribution, etc. | c2002. |
| 300 ## - PHYSICAL DESCRIPTION | |
| Extent | 227 p. ; |
| Dimensions | 25 cm. |
| 650 ## - SUBJECT ADDED ENTRY--TOPICAL TERM | |
| Topical term or geographic name entry element | Contracts-Examinations, questions, etc. |
| 700 ## - ADDED ENTRY--PERSONAL NAME | |
| Personal name | Ballada, Win Lu |
| 942 ## - ADDED ENTRY ELEMENTS (KOHA) | |
| Source of classification or shelving scheme | Dewey Decimal Classification |
| Koha item type | Book-Filipiniana |
| Edition | 2002 ed. |
| Call number prefix | Fil |
| Suppress in OPAC | No |
| 952 ## - LOCATION AND ITEM INFORMATION (KOHA) | |
| -- | |
| 952 ## - LOCATION AND ITEM INFORMATION (KOHA) | |
| -- | |
| Withdrawn status | Lost status | Source of classification or shelving scheme | Damaged status | Not for loan | Home library | Current library | Shelving location | Date acquired | Source of acquisition | Cost, normal purchase price | Total Checkouts | Full call number | Barcode | Date last seen | Copy number | Price effective from | Koha item type | Uniform Resource Identifier |
|---|---|---|---|---|---|---|---|---|---|---|---|---|---|---|---|---|---|---|
| Dewey Decimal Classification | College Library | College Library | Filipiniana | 06/18/2008 | SF | 160.00 | Fil. 346.02 B189q 2002 | CL44693 | 11/20/2025 | c1 | 11/20/2025 | BK - FIL | ||||||
| Dewey Decimal Classification | College Library | College Library | Filipiniana | 06/18/2008 | School Fund | 160.00 | Fil. 346.02 B189q 2002 | CL45772 | 12/02/2025 | c2 | 12/02/2025 | BK - FIL |